Report. (Record no. 73557)

MARC details
000 -LEADER
fixed length control field 00667cam a22002291 4500
001 - CONTROL NUMBER
control field sa 67002959
003 - CONTROL NUMBER IDENTIFIER
control field DLC
005 - DATE AND TIME OF LATEST TRANSACTION
control field 20260227112334.0
008 - FIXED-LENGTH DATA ELEMENTS--GENERAL INFORMATION
fixed length control field 821220s1966 ii 000 0 eng
010 ## - LIBRARY OF CONGRESS CONTROL NUMBER
LC control number sa 67002959
035 ## - SYSTEM CONTROL NUMBER
System control number (OCoLC)9070441
040 ## - CATALOGING SOURCE
Original cataloging agency DLC
Transcribing agency MoU
Modifying agency DLC
042 ## - AUTHENTICATION CODE
Authentication code premarc
050 00 - LIBRARY OF CONGRESS CALL NUMBER
Classification number HV8249.P8
Item number B3
110 2# - MAIN ENTRY--CORPORATE NAME
Corporate name or jurisdiction name as entry element Bar Association of India.
Subordinate unit Commission of Enquiry on Alleged Police Excesses in Punjab during Anti-suba Agitation in March 1966.
245 00 - TITLE STATEMENT
Title Report.
260 ## - PUBLICATION, DISTRIBUTION, ETC.
Place of publication, distribution, etc. [New Delhi]
Date of publication, distribution, etc. 1966.
300 ## - PHYSICAL DESCRIPTION
Extent 52 p.
500 ## - GENERAL NOTE
General note Cover title.
650 #0 - SUBJECT ADDED ENTRY--TOPICAL TERM
Topical term or geographic name entry element Police
Geographic subdivision India
-- Punjab (State)
650 #0 - SUBJECT ADDED ENTRY--TOPICAL TERM
Topical term or geographic name entry element Riots
Geographic subdivision India
-- Punjab (State)

No items available.

Powered by Koha